EDP-security

Αποθηκεύτηκε σε:
Λεπτομέρειες βιβλιογραφικής εγγραφής
Κύριος συγγραφέας: Frank, Lars
Μορφή: Βιβλίο
Γλώσσα:English
Δημοσίευση: Amsterdam : New York : Elsevier Science, 1992
Θέματα:
Ετικέτες: Προσθήκη ετικέτας
Δεν υπάρχουν, Καταχωρήστε ετικέτα πρώτοι!

MARC

LEADER 00000nam a2200000 i 4500
001 1/34032
008 941103s1992 eng d
020 |a 0444886087 
035 |l 10039532 
035 |a 1993  |c ΚΑΤΣΙΚΑΣ 
040 |a GR-MY-UA  |b gre  |e aacr 
041 0 |a eng 
082 0 |a 005.8  |2 (20) 
100 1 |a Frank, Lars. 
245 1 0 |a EDP-security /  |c Lars Frank 
260 |a Amsterdam :   |a New York :   |b Elsevier Science,   |c 1992 
300 |a p. cm 
500 |a Translation of: Edb-sikkerhed 
504 |a Includes bibliographical references (p. ) 
650 0 0 |a Electronic data processing. 
650 0 0 |a Data protection. 
852 |a INST  |b SAMOS  |e 19941103  |h 005.8 FRA  |p 005300002594  |q 005300002594  |t BK  |y 0 
909 |a Σ  |b 031567